Statistics for Peter Weir Films

Click here to take the quiz!

General Stats

  • This quiz has been taken 6 times
  • The average score is 8 of 13

Answer Stats

HintAnswer% Correct
1989Robin Williams plays a rebellious and funny teacher, who inspires and brings happiness into the life of the students at a strict, elite boarding school.Dead Poets Society
100%
1998Jim Carrey plays a character who's entire life is secretly a show.The Truman Show
100%
2003Russell Crowe plays the captain of an early 19th century british war ship.Master and Commander: The Far Side of the World
80%
1975A group of girls from a boarding school and their teacher disappear after a picnic.Picnic at Hanging Rock
80%
1981Mel Gibson and Mark Lee become friends during World War IGallipoli
60%
1990Gerard Depardieu and Andie MacDowell have sham marriage.Green Card
60%
1974Some weird 70s australian movie about car accidents.The Cars That Ate Paris
60%
1986Harrison Ford takes his family into the jungles of Belize to build a new civilization.The Mosquito Coast
60%
1985Harrison Ford plays a detective, who goes undercover in the Amish community.Witness
60%
1993Jeff Bridges loses all of his fears and feels invincible after a traumatic plane crash.Fearless
40%
1977An australian lawyer defends a group of Aborigines charged with murder.The Last Wave
40%
2010After escaping from the gulag, a group of inmates embark on a journey on foot through several countries.The Way Back
40%
1982Mel Gibson and Sigourney Weaver fall in love during the Indonesian civil strifes of the 1960s.The Year of Living Dangerously
40%

Score Distribution

Percentile by Number Answered

Percent of People with Each Score

Your Score History

You have not taken this quiz